| 000 | 00742nam a2200205 i 4500 | ||
|---|---|---|---|
| 001 | 156564 | ||
| 003 | ES-MaACL | ||
| 005 | 20240522063054.0 | ||
| 008 | 040802q18601880fr a |||| | fre d | ||
| 040 |
_aCAM _bspa _cCAM |
||
| 100 | 1 |
_aKarr, Alphonse, _d1808-1890 _9128426 |
|
| 245 | 1 | 0 |
_aSous les tilleuls / _cpar Alphonse Karr. |
| 260 |
_aParis : _b[s.n., _cs.a.] ( _fImprimerie Edouard Blot) |
||
| 300 |
_a92 p. : _bil. ; _c30 cm. |
||
| 594 | _aTit. tomado de comienzo del texto. | ||
| 596 | _aPie de imp. tomado de colofón. | ||
| 596 | _aEdouard Blot ejerce como imp. ca. 1860-1880. | ||
| 852 |
_aES-MaACL _jR-1709(12) _z-- Enc. hol. _z-- Enc. en un vol. facticio _q.- Ejempl. sin portada |
||
| 999 |
_c156564 _d156564 |
||